| 000 | 00771nam a2200229 a 4500 | ||
|---|---|---|---|
| 001 | BRCA_5498 | ||
| 005 | 20190320205114.0 | ||
| 008 | 030211s2005----mx-a######---#000-0#spa-# | ||
| 020 | _a9680301540 | ||
| 041 | _aspa | ||
| 044 | _amx | ||
| 084 |
_aHD1471.M4 _b.P47 2005 |
||
| 100 | 1 |
_aPeralta Flores, Araceli _914049 |
|
| 245 | 1 | 0 |
_aLa hacienda de Santa Mónica, Tlalnepantla, Estado de México _bsu historia y arquitectura _cAraceli Peralta Flores. |
| 260 |
_aMéxico _bINAH _c2005 |
||
| 300 |
_a178 p. _bil. _c26 cm. |
||
| 440 | 0 |
_aColección Científica _pSerie Historia _v482 _914050 |
|
| 500 | _aIncluye índice de nombres e índice temático | ||
| 504 | _aBibliografía: p. 163-168 | ||
| 610 | 2 | 4 |
_aSanta Mónica Hacienda (México) _xHistoria _914051 |
| 942 |
_2lcc _cB |
||
| 999 |
_c5192 _d5192 |
||